Szczegóły MARC21

William Stanley Jevons and the making of modern economics /

003 -Nazwa inst., której nr kontr. jest w polu 001 [,]
    • @
    • Nazwa instytucji, której n kontrolny jest w polu 001
    • NUKAT
005 -DATA I CZAS OSTATNIEJ MODYFIKACJI [,]
    • @
    • pole kontrolne
    • 20241231101502.0
020 -Międzynarod. znormalizowany nr książki - ISBN [ , ]
    • a
    • Numer ISBN
    • 0521827124 Find
020 -Międzynarod. znormalizowany nr książki - ISBN [ , ]
    • a
    • Numer ISBN
    • 9780521827126 Find
    • q
    • Dopowiedzenie
    • (Hardback
020 -Międzynarod. znormalizowany nr książki - ISBN [ , ]
    • a
    • Numer ISBN
    • 9780521154734 Find
    • q
    • Dopowiedzenie
    • Paperback
040 -Instytucja sporządzająca opis [ , ]
    • a
    • Instytucja, która sporządziła opis (NP)
    • SZCZ U/AP
    • c
    • Instytucja, która sporządziła rekord (NP)
    • SZCZ U/AP
    • d
    • Instytucja, która zmodyfikowała rekord (P)
    • SZCZ U/KP
942 -Rodzaj dokumentu [ , ]
    • c
    • Rodzaj dokumentu
    • Książka
100 -Hasło główne - nazwa osobowa [1, ]
    • a
    • Nazwa osobowa (NP)
    • Maas, Harro.
    • 9
    • KHW
    • 79520
245 -Strefa tytułu i oznaczenia odpowiedzialności [1,0]
    • a
    • Tytuł
    • William Stanley Jevons and the making of modern economics / Find
    • c
    • Pozostałe elementy strefy tytułu i oznaczenia odpowiedzialności (NP)
    • Harro Maas.
250 -Strefa wydania [ , ]
    • a
    • Oznaczenie wydania (NP)
    • 1st paperback print.
260 -Strefa adresu wydawniczego [ , ]
    • a
    • Miejsce wydania (P)
    • Cambridge [etc.] :
    • b
    • Nazwa wydawcy (P)
    • Cambridge University Press,
    • c
    • Data wydania (P)
    • 2010.
300 -Strefa opisu fizycznego [ , ]
    • a
    • Określenie formy książki i/lub objętość (NP)
    • XXII, 330 s. :
    • b
    • Oznaczenie ilustracji (NP)
    • il. ;
    • c
    • Format (NP)
    • 24 cm.
336 -Typ zawartości [ , ]
    • a
    • Termin opisujący typ zawartości
    • Tekst
    • b
    • Kod określający zawartość
    • txt
    • 2
    • Źródło (terminu i kodu)
    • rdacontent
337 -Typ mediów [ , ]
    • a
    • Tryb odtwarzania
    • Bez urządzenia pośredniczącego
    • b
    • Kod typu mediów
    • n
    • 2
    • Źródło (terminu i kodu)
    • rdamedia
338 -Typ/rodzaj nośnika [ , ]
    • a
    • Hasło opisujące typ nośnika
    • Wolumin
    • b
    • Kod typu nośnika
    • nc
    • 2
    • Źródło (terminu i kodu)
    • rdacarrier
490 -Strefa serii i książki wielotomowej - forma nie do wyszukiwania [1, ]
    • a
    • Tytuł (P)
    • Historical perspectives on modern economics Find
830 -Hasło dodatkowe serii i opisu książki wielotomowej - tytuł ujednolicony/tytuł [ ,0]
    • a
    • Tytuł ujednolicony/tytuł (NP)
    • Historical Perspectives on Modern Economics
    • 9
    • KHW
    • 77228
504 -Uwaga dot. bibliogr. załącznikowej [ , ]
    • a
    • Uwaga dot. bibliografii załącznikowej
    • Bibliogr. s. 291-318. Indeks.
080 -Uniwersalna Klasyfikacja Dziesiętna [ , ]
    • 2
    • Identyfikator wydania tablic
    • UDC-P058
    • 9
    • UKD
    • 2991
    • a
    • Symbol klasyfikacji
    • 330.8
    • b
    • Dopowiedzenie
    • Historia teorii ekonomicznych. Szkoły ekonomiczne. Historia myśli ekonomicznej. Merkantylizm. Fizjokratyzm. Liberalizm.
    • 4
    • UKD2
    • 8166
    • x
    • Poddział wspólny
    • "18"
    • c
    • Dopowiedzenie poddz. wspólnego
    • Wiek XIX.
    • 4
    • UKD2
    • 7644
    • x
    • Poddział wspólny
    • =111
    • c
    • Dopowiedzenie poddz. wspólnego
    • =Język angielski.
080 -Uniwersalna Klasyfikacja Dziesiętna [ , ]
    • 2
    • Identyfikator wydania tablic
    • UDC-P058
    • 9
    • UKD
    • 3794
    • a
    • Symbol klasyfikacji
    • 366
    • b
    • Dopowiedzenie
    • Konsumeryzm. Konsumenci.
    • 4
    • UKD2
    • 8166
    • x
    • Poddział wspólny
    • "18"
    • c
    • Dopowiedzenie poddz. wspólnego
    • Wiek XIX.
    • 4
    • UKD2
    • 7644
    • x
    • Poddział wspólny
    • =111
    • c
    • Dopowiedzenie poddz. wspólnego
    • =Język angielski.
600 -Hasło przedmiotowe w formie nazwy osobowej [1,7]
    • a
    • Nazwa osobowa
    • Jevons, William Stanley
    • d
    • Daty związane z nazwą
    • (1835-1882).
    • 2
    • Źródło terminu
    • kaba
    • 9
    • KHW
    • 77163
650 -Hasło przedmiotowe [ ,7]
    • a
    • Hasło przedmiotowe
    • Ekonomia
    • y
    • Określnik chronologiczny
    • 19 w.
    • 2
    • Źródło terminu
    • kaba
    • 9
    • KHW
    • 107451
650 -Hasło przedmiotowe [ ,7]
    • a
    • Hasło przedmiotowe
    • Neoklasyczna szkoła w ekonomii.
    • 2
    • Źródło terminu
    • kaba
    • 9
    • KHW
    • 121002
650 -Hasło przedmiotowe [ ,7]
    • a
    • Hasło przedmiotowe
    • Użyteczność krańcowa.
    • 2
    • Źródło terminu
    • kaba
    • 9
    • KHW
    • 154816
980 -Symbol UKD [ , ]
    • a
    • UKD
    • 330.8:366]"18"=111
710 -Hasło dodatkowe - nazwa ciała zbiorowego [2, ]
    • a
    • Nazwa ciała zbiorowego lub nazwa geograficzna jako pierwszy element (NP)
    • Cambridge University Press.
    • 4
    • Kod relacji
    • pbl
    • 9
    • KHW
    • 615085
920 -ISBN [ , ]
    • a
    • ISBN
    • 0-521-82712-4 Find
920 -ISBN [ , ]
    • a
    • ISBN
    • 978-0-521-82712-6 Find
    • q
    • Dopowiedzenie
    • Hardback
920 -ISBN [ , ]
    • a
    • ISBN
    • 978-0-521-15473-4 Find
    • q
    • Dopowiedzenie
    • Paperback
Numer inwentarzowy Status udost. Data inwentaryzacji Lokalizacja
T.16959-22014-05-19T